Caen la mer - Statistiques

Statistiques générales
  • Ce quiz a été pris 248 fois
  • Le résultat moyen est 12 sur 20
Statistiques - réponses
Hint Réponse % Correct
Numéro de ce dernier 14
99%
Nom du département Calvados
97%
Ville avec un port ferry Ouistreham
94%
Lieu où se situe l'aéroport Carpiquet
89%
Fleuve traversant la ville et se jetant dans la Manche Orne
87%
Il construisit le château de Caen Guillaume le Conquérant
86%
Celebre fast food chanté par Orelsan Magic Beau gosse
85%
Spécialité culinaire caennaise Tripes à la mode de Caen
81%
Festivité regroupant des milliers d'étudiants chaque année depuis 1894 Carnaval étudiant
76%
Édifice qu'il créa en l'honneur de sa femme Abbaye aux dames
61%
Nom du centre commercial (dans Caen) Rives de l'Orne
58%
Musée de la seconde guerre mondiale Mémorial de Caen
57%
Nom de l'équipe de hockey sur glace caennaise Drakkars
55%
Pont de Bénouville en l'honneur des parachutistes britanniques Pegasus Bridge
47%
Bar irlandais sur le port de Caen O'donnells
46%
Nom du stade de l'équipe de football (SMC) Stade Michel d'Ornano
46%
Nombres de communes constituant Caen la Mer 48
23%
Célèbre plage de cette dernière Sword beach
21%
Plus grande bataille de chars (de Normandie) de la 2nde guerre mondiale Goodwood
2%
Deuxième plus grande bataille de chars Totalize
1%
Aucun quiz correspondant
Distribution des résultats
% des personnes avec chaque résultat
Percentile par nombre de réponses
Votre historique - résultats
Vous n’avez pas pris ce quiz